Soubor údajů o výzkumném a vývojovém potenciálu ČSSR a údajů k jeho mezinárodnímu porovnání hlavní úkol SPEV 908 121 301
Saved in:
| Main Author: | |
|---|---|
| Other Authors: | |
| Format: | Book |
| Language: | Czech |
| Published: |
Praha
Ústav pro ekonomiku a řízení vědeckotechnického rozvoje
1982
|
| Tags: |
No Tags, Be the first to tag this record!
|
MARC
| LEADER | 00000nam a2200000 4500 | ||
|---|---|---|---|
| 001 | c130704 | ||
| 005 | 20251111085116.3 | ||
| 041 | 0 | |a cze | |
| 044 | |a CZ | ||
| 245 | 1 | 0 | |a Soubor údajů o výzkumném a vývojovém potenciálu ČSSR a údajů k jeho mezinárodnímu porovnání |b hlavní úkol SPEV 908 121 301 |c Z. Sloupová, M. Vašáková |
| 264 | 1 | |a Praha |b Ústav pro ekonomiku a řízení vědeckotechnického rozvoje |c 1982 | |
| 300 | |a 103 s. | ||
| 100 | 1 | |a Sloupová, Z. | |
| 700 | 1 | |a Vašáková, M. | |